000 00925nam a22001457a 4500
008 110617t xxu||||| |||| 00| 0 eng d
010 _aCACAF54
245 _aThe Court of Appeal Civil Appeal No. 03 of 1998 Beatrice Kobusinge Nyakana and another Vs George Talyeba Nyakana.
260 _c1998
500 _aCoram: Hon. Mr. Justice G.M. Okello , JA. Hon. Mr. Justice S.G. Engwau, JA. and Hon. Mr. Justice A. Twinomujuni, JA.
500 _aAppeal from a Ruling and order of the High Court Uganda at Fort Portal ( Tabaro J) dated the 27th day of October 1997 in HCCS No. DR. MFP. 6 and 7 of 1993.
999 _c3232
_d3232